Dinámicas colaborativas en la educación artística y el arte contemporáneo /

Bibliographic Details
Main Author: Calero Cobo, José Heiner (Author)
Format: Electronic eBook
Language:Spanish
Published: Popayán, Colombia : Editorial Universidad del Cauca, 2024.
Edition:Primera edición en español.
Subjects:
Online Access:Digitalia Hispánica

MARC

LEADER 00000nam a2200000Ii 4500
001 DIGUCAUCA0177
003 NyNyDIG
006 m o d
007 cr |||||||||||
008 250611s2024 ck a ob 001 0 spa d
035 |a (OCoLC)1517261701 
040 |a DGITA  |b eng  |e rda  |e pn  |c DGITA 
020 |a 9789587327090  |q digital 
020 |z 9789587327083  |q impreso 
050 1 4 |a N72.S6 ebook 
100 1 |a Calero Cobo, José Heiner,  |e author. 
245 1 0 |a Dinámicas colaborativas en la educación artística y el arte contemporáneo /  |c José Heiner Calero Cobo. 
250 |a Primera edición en español. 
264 1 |a Popayán, Colombia :  |b Editorial Universidad del Cauca,  |c 2024. 
300 |a 1 online resource :  |b illustrations. 
336 |a text  |b txt  |2 rdacontent 
337 |a computer  |b c  |2 rdamedia 
338 |a online resource  |b cr  |2 rdacarrier 
347 |a text file  |2 rdaft  
347 |b PDF 
504 |a Includes bibliographical references and index. 
588 0 |a Online resource; title from PDF title page (Digitalia, viewed June 11, 2025) 
650 0 |a Art  |x Study and teaching. 
650 0 |a Art museums. 
776 0 8 |i Print version:  |a Calero Cobo, José Heiner.  |t Dinámicas colaborativas en la educación artística y el arte contemporáneo.  |b Primera edición en español.  |d Popayán, Colombia : Editorial Universidad del Cauca, 2024  |z 9789587327083 
791 2 |a Digitalia (Firm),  |e distributor. 
793 0 |g Digitalia eBook Collection:  |a Editorial Universidad del Cauca 
856 4 0 |3 Digitalia Hispánica  |u https://www.digitaliapublishing.com/a/173801/ 
910 |a Premium collection: 2025